guess the marvel superhero - Statistics

General Stats
  • This quiz has been taken 96 times
  • The average score is 26 of 46
Answer Stats
Hint Answer % Correct
thunder god thor
98%
peter parker spiderman
91%
tony stark ironman
88%
Wanda Maximoff scarlet witch
88%
gaurdians of the galaxy all members starlord
86%
steve rogers captain america
84%
gamora
81%
T'Challa black panther
79%
Scott Lang antman
78%
Natasha Romanoff black widow
78%
bruce banner hulk
78%
stephen strange doctor strange
76%
drax
76%
Samuel "Sam" Wilson falcon
76%
groot
75%
James "Rhodey" Rhodes warmachine
75%
Clint Barton hawkeye
73%
fantastic 4 all members thing
71%
Pietro Django Maximoff quicksilver
70%
Wade Wilson deadpool
66%
humantorch
66%
James Buchanan Barnes winter soldier
64%
mr fantastic
63%
rocket raccoon
63%
Matt Murdock daredevil
60%
invisible woman
60%
Janet Van Dyne Aliases Pixie wasp
59%
Scott Summers cyclops
54%
Carol Danvers Ms Marvel
53%
James Howlett wolverine
53%
Johnny Blaze ghost rider
51%
Ororo Munroe storm
46%
Jean Grey phoenix
44%
Marc Spector moonknight
43%
Henry "Hank" P. McCoy beast
38%
Peter Porker spiderham
31%
Piotr Nikolaievitch Rasputin colossus
29%
Carl Lucas luke cage
25%
Daniel Thomas Rand-K'ai ironfist
23%
Flash Thompson agent venom
19%
Richard Rider nova
16%
ben reily scarlet spider
16%
Ava Ayala white tiger
14%
St. John Allerdyce pyro
9%
Mattie Franklin spiderwoman
8%
miles morales Kid Arachnid
4%
No matching quizzes found
Score Distribution
Percent of People with Each Score
Percentile by Number Answered
Your Score History
You have not taken this quiz